[Event "Dortmund Sparkassen op-B"]
[Site "Dortmund"]
[Date "2011.07.31"]
[Round "9"]
[White "Fahle, Karl Wilhelm"]
[Black "Skapski, Miroslav"]
[Result "0-1"]
[WhiteElo "1361"]
[BlackElo "1545"]
[PlyCount "60"]
[EventDate "2011.07.23"]
[EventType "swiss"]
[EventRounds "9"]
[EventCountry "GER"]
[SourceTitle "EXT 2013"]
[Source "ChessBase"]
[SourceDate "2012.11.22"]
[SourceVersion "1"]
[SourceVersionDate "2012.11.22"]
[SourceQuality "1"]

1. e4 d6 2. d4 g6 3. Nc3 Bg7 4. f4 e6 5. Nf3 Nf6 6. Bd3 0-0 7. Be3 Nbd7 8. h4 b6 9. Qd2 Bb7 10. 0-0-0 Rc8 11. g4 c5 12. g5 Ne8 13. Qf2 Qc7 14. a4 cxd4 15. Bxd4 e5 16. fxe5 dxe5 17. Be3 Nc5 18. h5 Nxd3+ 19. Rxd3 f5 20. Nd5 Bxd5 21. Rxd5 fxe4 22. Qh2 Rxf3 23. Rc5 bxc5 24. hxg6 hxg6 25. Qh7+ Kf8 26. Kd2 Qf7 27. Ke2 Qc4+ 28. Kd2 Rd8+ 29. Ke1 Rxe3+ 30. Kf2 Qe2+ 0-1

[Event "Dortmund op-B"]
[Site "Dortmund"]
[Date "2007.06.22"]
[Round "1"]
[White "Stockhuss, Kevin"]
[Black "Fahle, Karl Wilhelm"]
[Result "1-0"]
[WhiteElo "1663"]
[BlackElo "1141"]
[PlyCount "71"]
[EventDate "2007.06.22"]
[EventType "swiss"]
[EventRounds "9"]
[EventCountry "GER"]
[SourceTitle "EXT 2008"]
[Source "ChessBase"]
[SourceDate "2007.11.25"]
[SourceVersion "1"]
[SourceVersionDate "2007.11.25"]
[SourceQuality "1"]

1. d4 Nf6 2. Bg5 e6 3. e4 Be7 4. Nd2 c6 5. Bd3 0-0 6. c3 d6 7. Qc2 e5 8. Ngf3 Qc7 9. h4 Bg4 10. Nh2 Bh5 11. Bxf6 Bxf6 12. g4 d5 13. gxh5 Qe7 14. 0-0-0 Nd7 15. exd5 cxd5 16. dxe5 Nxe5 17. Bxh7+ Kh8 18. Nhf3 Ng4 19. Nb3 Rfd8 20. Bf5 Nh6 21. Nbd4 a6 22. Kb1 Rac8 23. Bxc8 Rxc8 24. Rde1 Qc5 25. Nb3 Qb6 26. Ng5 Bxg5 27. hxg5 Ng4 28. f3 Ne3 29. Qd2 Nf5 30. h6 Kh7 31. hxg7+ Kxg7 32. Qxd5 Qg6 33. Qe5+ f6 34. gxf6+ Qxf6 35. Rh7+ Kg6 36. Rg1+ 1-0

[Event "Dortmund2"]
[Site "Dortmund"]
[Date "2006.05.24"]
[Round "8"]
[White "Hansen, Jochen"]
[Black "Fahle, Karl Wilhelm"]
[Result "1-0"]
[WhiteElo "1232"]
[BlackElo "1185"]
[PlyCount "43"]
[EventDate "2006.04.25"]
[EventType "tourn"]
[EventRounds "11"]
[EventCountry "GER"]
[SourceTitle "EXT 2007"]
[Source "ChessBase"]
[SourceDate "2006.11.23"]
[SourceVersion "1"]
[SourceVersionDate "2006.11.23"]
[SourceQuality "1"]

1. e4 c5 2. Nf3 e6 3. d4 cxd4 4. Nxd4 Nf6 5. Nc3 Nc6 6. Bc4 Bc5 7. Be3 d6 8. Nxc6 bxc6 9. Bxc5 dxc5 10. Qxd8+ Kxd8 11. Rd1+ Kc7 12. 0-0 Rb8 13. b3 Nd7 14. f4 Nb6 15. Be2 f5 16. e5 h6 17. Rd6 Bd7 18. Rfd1 g5 19. a4 g4 20. a5 Nd5 21. Na4 Nxf4 22. Rxd7+ 1-0

[Event "Dortmund2"]
[Site "Dortmund"]
[Date "2006.05.19"]
[Round "7"]
[White "Fahle, Karl Wilhelm"]
[Black "Wengelnik, Erwin"]
[Result "0-1"]
[WhiteElo "1185"]
[BlackElo "1238"]
[PlyCount "140"]
[EventDate "2006.04.25"]
[EventType "tourn"]
[EventRounds "11"]
[EventCountry "GER"]
[SourceTitle "EXT 2007"]
[Source "ChessBase"]
[SourceDate "2006.11.23"]
[SourceVersion "1"]
[SourceVersionDate "2006.11.23"]
[SourceQuality "1"]

1. e4 d6 2. d4 g6 3. Nf3 Bg7 4. Nc3 Nf6 5. Be2 0-0 6. Be3 Nbd7 7. Qd2 e6 8. Bh6 Re8 9. Bxg7 Kxg7 10. 0-0-0 a5 11. a4 b6 12. h4 Ba6 13. h5 Bxe2 14. Qxe2 Nxh5 15. e5 Nf4 16. Qe3 g5 17. g3 Nd5 18. Qxg5+ Qxg5+ 19. Nxg5 Rh8 20. Nxd5 exd5 21. exd6 cxd6 22. Rde1 h6 23. Re7 hxg5 24. Rxh8 Rxh8 25. Rxd7 Rh6 26. Kd2 Rf6 27. Ke3 Re6+ 28. Kd3 Rf6 29. c4 dxc4+ 30. Kxc4 Rxf2 31. b3 Rf3 32. g4 Rf4 33. Rxd6 Rxg4 34. Rxb6 Re4 35. Ra6 g4 36. Rxa5 Kg6 37. Re5 f5 38. Kd3 g3 39. Rxe4 fxe4+ 40. Ke3 Kf5 41. a5 Kg4 42. a6 Kh3 43. a7 g2 44. a8Q g1Q+ 45. Kf4 Qg4+ 46. Ke5 Qg5+ 47. Kd6 e3 48. Qh1+ Kg4 49. Qd1+ Kf4 50. Qe2 Qg4 51. Qb5 Qg6+ 52. Kc5 Qc2+ 53. Kb4 e2 54. Qe5+ Kf3 55. Qf6+ Ke3 56. Qe5+ Kd2 57. Qf4+ Kd1 58. Qf3 Kc1 59. Qh1+ Qd1 60. Qh6+ Kb2 61. Kc5 e1Q 62. Qh2+ Qc2+ 63. Qxc2+ Kxc2 64. b4 Kc3 65. b5 Qe7+ 66. Kd5 Qb4 67. Kc6 Kxd4 68. b6 Qc5+ 69. Kb7 Kc4 70. Ka7 Kb5 0-1

[Event "Dortmund op"]
[Site "Dortmund"]
[Date "2006.03.23"]
[Round "9.29"]
[White "Fahle, Karl Wilhelm"]
[Black "Boetzel, Sascha"]
[Result "0-1"]
[WhiteElo "1185"]
[BlackElo "1300"]
[PlyCount "51"]
[EventDate "2006.03.06"]
[EventType "swiss"]
[EventRounds "9"]
[EventCountry "GER"]
[SourceTitle "CBM 111 Extra"]
[Source "ChessBase"]
[SourceDate "2006.05.09"]
[SourceVersion "1"]
[SourceVersionDate "2006.05.09"]
[SourceQuality "1"]

1. e4 c5 2. Nf3 d6 3. c3 Nf6 4. Be2 Nc6 5. d4 e6 6. Qc2 Be7 7. Be3 0-0 8. Nbd2 cxd4 9. Nxd4 Nxd4 10. Bxd4 e5 11. Be3 Be6 12. h3 d5 13. 0-0 dxe4 14. Nxe4 Bf5 15. Bd3 Kh8 16. Rad1 Qc7 17. Ng3 Bxd3 18. Qxd3 Rad8 19. Qf5 Rxd1 20. Rxd1 Rd8 21. Rxd8+ Bxd8 22. Ne4 g6 23. Qf3 Nxe4 24. Qxe4 f5 25. Qb4 Be7 26. Qh4 0-1